Ariya Cam trường ca Chăm : Ariya Cam Bini - Ariya Xah Pakei, Ariya Glơng Anak - Ppo Parơng

Quyển sách này là một trong những ấn phẩm của hội văn nghệ dân gian Việt Nam đã sưu tầm và nghiên cứu về những giá trị văn hóa truyền thống của dân tộc, chủ đề của quyển sách xoay quanh về thể loại ARIYA của dân tộc Chăm gồm 4phần: P...

وصف كامل

محفوظ في:
التفاصيل البيبلوغرافية
مؤلف مشترك: Hội văn nghệ dân gian Việt Nam
التنسيق: كتاب
اللغة:Undetermined
منشور في: Hà Nội Thời Đại 2011
الموضوعات:
الوسوم: إضافة وسم
لا توجد وسوم, كن أول من يضع وسما على هذه التسجيلة!
Thư viện lưu trữ: Trung tâm Học liệu Trường Đại học Cần Thơ
LEADER 01213nam a2200205Ia 4500
001 CTU_173981
008 210402s9999 xx 000 0 und d
082 |a 398.809597 
082 |b H452 
110 |a Hội văn nghệ dân gian Việt Nam 
245 0 |a Ariya Cam trường ca Chăm : 
245 0 |b Ariya Cam Bini - Ariya Xah Pakei, Ariya Glơng Anak - Ppo Parơng 
245 0 |c Hội văn nghệ dân gian Việt Nam ; Inrasara 
260 |a Hà Nội 
260 |b Thời Đại 
260 |c 2011 
520 |a Quyển sách này là một trong những ấn phẩm của hội văn nghệ dân gian Việt Nam đã sưu tầm và nghiên cứu về những giá trị văn hóa truyền thống của dân tộc, chủ đề của quyển sách xoay quanh về thể loại ARIYA của dân tộc Chăm gồm 4phần: Phần dẫn nhập, Phần phân tích tác phẩm, Phần văn bản, Phụ Lục sẽ được giới thiệu cùng độc giả 
650 |a Folk song, Vietnam,Dân ca, Việt Nam 
904 |i Tuyến 
980 |a Trung tâm Học liệu Trường Đại học Cần Thơ